Statistics for Quarter Life Crisis - Baby Queen (All Lyrics)

Click here to take the quiz!

General Stats

  • This quiz has been taken 2 times
  • The average score is 365 of 401

Answer Stats

Answer% Correct
a
100%
A
100%
afraid
100%
after
100%
After
100%
Ah
100%
all
100%
All
100%
and
100%
And
100%
are
100%
at
100%
be
100%
behind
100%
best
100%
can
100%
crisis
100%
crisis,
100%
crisis)
100%
describe
100%
did
100%
Didn't
100%
don't
100%
Don't
100%
ended
100%
ever
100%
face
100%
feel
100%
fight
100%
fuckin'
100%
fucking
100%
future
100%
get
100%
gettin'
100%
got
100%
hate
100%
here
100%
I
100%
if
100%
I'll
100%
I'm
100%
in
100%
is
100%
it,
100%
it
100%
it?
100%
it's
100%
It's
100%
I've
100%
know
100%
let
100%
life
100%
like
100%
look
100%
make
100%
me
100%
me?
100%
middle
100%
mind
100%
mood,
100%
my
100%
night
100%
nineteen?
100%
no
100%
not
100%
nothin'
100%
of
100%
old
100%
on
100%
other
100%
overthinkin'
100%
past?
100%
people,
100%
phase
100%
quarter
100%
(Quarter
100%
realise
100%
recognise
100%
say
100%
shift
100%
shit
100%
show
100%
smart
100%
some
100%
Still
100%
stuck
100%
surface
100%
survive
100%
that
100%
the
100%
There's
100%
these
100%
they
100%
They're
100%
this
100%
to
100%
together
100%
Tried
100%
twenty-five-sided
100%
very
100%
vices,
100%
want,
100%
was
100%
wasted
100%
What
100%
what
100%
when
100%
When
100%
will
100%
workin'
100%
years
100%
you
100%
as
50%
believe
50%
better
50%
big
50%
But
50%
change
50%
corrupted
50%
could
50%
despise
50%
focus
50%
foot
50%
forgiven
50%
guess
50%
hang
50%
How
50%
hybrid
50%
I'd
50%
it'll
50%
kids
50%
longer
50%
Man,
50%
Maybe
50%
naive,
50%
never
50%
okay
50%
once
50%
one
50%
out
50%
pure
50%
religion
50%
rise
50%
sins
50%
tell
50%
things
50%
too
50%
turn
50%
wanna
50%
were
50%
with
50%
write
50%
young
50%
Ah-ah-ah
0%
couldn't
0%
just
0%
right
0%

Score Distribution

Percentile by Number Answered

Percent of People with Each Score

Your Score History

You have not taken this quiz